| 000 | 00699nam a2200229 a 4500 | ||
|---|---|---|---|
| 008 | |||
| 020 | _a0133295656 (cased) | ||
| 049 | _aMAIN | ||
| 090 |
_aQH308.5 _bFOU |
||
| 245 | 0 | 0 |
_aFoundations of biology / _cNeal D. Buffaloe... [et al.] |
| 260 |
_aEnglewood Cliffs : _bPrentice-Hall, _c1968. |
||
| 300 |
_axiv, 746 p. : _bill. (some col.) ; _c26 cm. |
||
| 490 | 0 | _aFoundations of biology program. | |
| 504 | _aIncludes bibliographical references. | ||
| 650 | 0 | _aBiology. | |
| 700 | 1 | _aBuffaloe, Neal Dollison.. | |
| 907 |
_a.b10013210 _b06-11-12 _c17-04-03 |
||
| 003 | |||
| 005 | 20230123133645.0 | ||
| 040 | _cNUST | ||
| 942 |
_cBOOKS _kQH308.5 _mFOU |
||
| 999 |
_c152384 _d152384 |
||